Priečne sedlo je priechodné obojsmerne

Podrobná bibliografia
Médium: Článok
Jazyk:slovenčina
ISSN:1210-2423
Predmet:

MARC

LEADER 00000nab a2200000 ar4500
001 vtls010551673
003 SK-MaSNL
005 20260303203755.0
008 180907c2013 xo wr|p|||||||000 b|slo
038 |a PPPK 
040 |a PPPKCL  |b slo  |c PPPKCL  |e AACR2 
041 0 |a slo 
044 |a xo  |c SK 
080 |a 796.524  |x (437.6-17)  |2 2001 
080 |a 796.5:625.711.8  |x (437.6-17)  |2 2001 
245 0 0 |a Priečne sedlo je priechodné obojsmerne  |c [autor] (red) 
650 0 7 |a turistika  |2 pppkcl  |9 683 
650 0 7 |a vysokohorská turistika  |2 pppkcl  |9 3260 
650 0 7 |a turistické chodníky  |2 pppkcl  |9 71065 
651 7 |a Vysoké Tatry (Poľsko a Slovensko : pohorie)  |2 SNKPHgeo  |9 67729 
651 7 |a Priečne sedlo (Vysoké Tatry, Slovensko)  |2 pppkcl  |9 56926 
773 0 |t Podtatranské noviny  |g Roč. LIV, č. 37 (2013), s. 2  |x 1210-2423 
852 |a PPPK  |b KIS3GCP 
999 |c 2187053  |d 2188983